000 00553nam a22001937a 4500
999 _c137847
_d137847
020 _a9788176901833
082 _aM 808.027
_bSUK/A
100 _aSukumar Azheekode
245 _aAzheekodinte Kayyoppu/
_cby Sukumar Azheekode
260 _aThrissur:
_bKerala Sahitya Academi,
_c2011.
300 _a490p.
650 _aIntroduction Literature
650 _aEditorial Techniques Literature
650 _aSukumar Azheekode Malayalam Literature
650 _aLiterature Malayalam
650 _aLiterature
700 _aHaridas M (ed.)
942 _cBK